Statistics for Type the ABCs in 15 seconds

Click here to take the quiz!

General Stats

  • This quiz has been taken 37,347 times
  • The average score is 23 of 26

Answer Stats

Letter% Correct
A
97%
E
96%
D
95%
B
94%
C
93%
F
93%
G
92%
H
92%
I
91%
J
90%
K
88%
L
87%
O
87%
Q
87%
M
85%
N
85%
R
85%
P
84%
S
84%
T
83%
U
83%
W
82%
V
78%
Y
77%
X
75%
Z
73%

Score Distribution

Percentile by Number Answered

Percent of People with Each Score

Your Score History

You have not taken this quiz